[Event "ECU-ch Qual Blitz"]
[Site "Chess.com INT"]
[Date "2021.06.25"]
[Round "6"]
[White "Echeverria Bravo, Juan Sebastian"]
[Black "Cajamarca Gordillo, Sebastian Alejandro"]
[Result "0-1"]
[WhiteElo "1851"]
[BlackElo "1612"]
[PlyCount "76"]
[EventDate "2021.06.25"]
[EventType "swiss (blitz)"]
[EventRounds "9"]
[EventCountry "ECU"]
[SourceTitle "CBM 203 Extra"]
[Source "ChessBase"]
[SourceDate "2021.09.30"]
[SourceVersion "1"]
[SourceVersionDate "2021.09.30"]
[SourceQuality "1"]

1. e4 c5 2. Bc4 Nc6 3. Nc3 g6 4. f4 Bg7 5. Nf3 d6 6. 0-0 Nf6 7. d3 0-0 8. h3 a6 9. a4 Rb8 10. Be3 Ne8 11. Qe1 Nc7 12. Bd2 b5 13. axb5 axb5 14. Bb3 b4 15. Nd5 Nxd5 16. Bxd5 Nd4 17. Nxd4 Bxd4+ 18. Kh1 Bxb2 19. Rb1 Bg7 20. c3 Ba6 21. c4 b3 22. Bc6 Qb6 23. Ba4 b2 24. Ba5 Qa7 25. Bc2 Rb7 26. Bc3 Rfb8 27. Bxg7 Kxg7 28. Qc3+ Kg8 29. f5 Qb6 30. fxg6 hxg6 31. e5 Qb4 32. Qxb4 Rxb4 33. exd6 exd6 34. Rf6 Re8 35. Rxd6 Re2 36. Bd1 Re1+ 37. Kh2 Bb7 38. Bc2 Rc1 0-1

[Event "ECU Clasif1 U20"]
[Site "Chess.com INT"]
[Date "2020.12.17"]
[Round "4"]
[White "Echeverria Bravo, Juan Sebastian"]
[Black "Barros Rodriguez, Pablo Josue"]
[Result "0-1"]
[WhiteElo "1549"]
[BlackElo "1429"]
[PlyCount "102"]
[EventDate "2020.12.17"]
[EventType "swiss"]
[EventRounds "9"]
[EventCountry "ECU"]
[SourceTitle "EXT 2022"]
[Source "ChessBase"]
[SourceDate "2021.10.06"]
[SourceVersion "1"]
[SourceVersionDate "2021.10.06"]
[SourceQuality "1"]

1. e4 c5 2. Bc4 e6 3. d4 cxd4 4. Qxd4 Nc6 5. Qe3 a6 6. Nf3 b6 7. 0-0 Bc5 8. Qe2 Bb7 9. c3 Qc7 10. Bb3 d6 11. Bc2 Nf6 12. b4 Bxb4 13. cxb4 Nxb4 14. Bb3 Bxe4 15. Ba3 Bd3 16. Qd1 Bxf1 17. Qxf1 Nbd5 18. Bxd5 Nxd5 19. Nbd2 0-0 20. Rc1 Qd7 21. Nc4 Rfc8 22. Nxd6 Rxc1 23. Qxc1 b5 24. h3 b4 25. Bb2 Qxd6 26. Qg5 f6 27. Qg4 Rc8 28. g3 Rc2 29. Bd4 Nc3 30. Be3 Rxa2 31. Nd4 Ra1+ 32. Kg2 Qd5+ 33. Nf3 b3 34. Bd4 Rc1 35. Bxf6 Qd7 36. Ne5 Qb7+ 37. Nf3 b2 38. Qxe6+ Kf8 39. Be5 Ne4 40. Qf5+ Nf6 41. Bxf6 gxf6 42. Qxf6+ Kg8 43. Qg5+ Qg7 44. Qd8+ Qf8 45. Qg5+ Kf7 46. Ne5+ Ke6 47. Nd3 b1Q 48. Qe5+ Kd7 49. Qd5+ Qd6 50. Ne5+ Kc7 51. Qf7+ Kb6 0-1

[Event "Pan American-ch U18"]
[Site "Guayaquil"]
[Date "2019.07.25"]
[Round "7"]
[White "Donata, Eldrick"]
[Black "Echeverria Bravo, Juan Sebastian"]
[Result "1-0"]
[WhiteElo "1513"]
[BlackElo "1617"]
[PlyCount "40"]
[EventDate "2019.07.21"]
[EventType "swiss"]
[EventRounds "9"]
[EventCountry "ECU"]
[SourceTitle "EXT 2020"]
[Source "ChessBase"]
[SourceDate "2019.10.17"]
[SourceVersion "1"]
[SourceVersionDate "2019.10.17"]
[SourceQuality "1"]

1. e4 c5 2. c4 g6 3. Nc3 Bg7 4. f4 d6 5. Nf3 Nc6 6. g3 a6 7. Bg2 e5 8. d3 Nge7 9. 0-0 Nd4 10. Nxd4 cxd4 11. Nd5 Nxd5 12. cxd5 0-0 13. Qb3 f6 14. Bd2 b5 15. Rfc1 Bb7 16. Bh3 Bc8 17. Bxc8 Rxc8 18. Rc6 Rf7 19. Rxa6 Re7 20. Rc6 Bf8 1-0